The New England Journal of Medicine (Registro nro. 1220)

Detalles MARC
000 -LEADER
fixed length control field 00605nas a22001817a 4500
008 - CAMPO DE CONTROL RECURSOS CONTINUADOS
fixed length control field 130306t20029999-us||||| |||| 00| 0 eng d
022 ## - INTERNATIONAL STANDARD SERIAL NUMBER
International Standard Serial Number 0028-4793
245 ## - TITULO
Titulo The New England Journal of Medicine
260 ## - PUBLICACION, DISTRIBUCION, ETC. (PIE DE IMPRENTA)
Lugar de publicación, distribución, etc Massachusetts:
Nombre de la editorial, distribuidor, etc. Massachusetts Medical Society,
Fecha de publicación 2002
300 ## - DESCRIPCION FISICA
Extensión v. :
310 ## - FRECUENCIA ACTUAL DE LA PUBLICACION
Frecuencia actual de la publicación semanal
546 ## - NOTA DE IDIOMA
Nota de lenguaje ingles
590 ## - NOTAS LOCALES (RLIN)
Nota local Indizada en: Pubmed, Index medicus, MEDLINE, Abridged index medicus
590 ## - NOTAS LOCALES (RLIN)
Nota local Existencias: 2002 347(24-26); 2003 348(1,3,4,20)<br/>BAJA DEPOSITO (CAJA 22) MAYO 2019
650 ## - MATERIA-TERMINO TEMATICO
Término temático MEDICINA INTERNA
9 (RLIN) 1738
856 ## - LOCALIZACION ELECTRONICA Y ACCESO
Identificador Uniforme de Recurso (URI) <a href="http://www.nejm.org/">http://www.nejm.org/</a>
942 ## - ADDED ENTRY ELEMENTS (KOHA)
Source of classification or shelving scheme Dewey Decimal Classification
Item type Continuing Resources

No hay ítems disponibles.


UNIVERSIDAD NACIONAL DEL COMAHUE
Biblioteca de la Facultad de Ciencias Médicas
Sede Toschi: Los Arrayanes y Av. Toschi, Cipolletti  - Rio Negro
Sede Los Tordos:  Yrigoyen al 2211, Cipolletti - Rio Negro 

Teléfono: 0299 - 4774707 int 25
Contacto: biblioteca@facimed.uncoma.edu.ar
© 2011 - 2026